| 000 | 00508 a2200145 4500 | ||
|---|---|---|---|
| 020 | _a9780470741832 (cloth) | ||
| 040 |
_aDLC _bDLC |
||
| 082 | 0 | 0 | _a621.3822 |
| 100 | 1 | _aKhan, Shoab. | |
| 245 | 1 | 0 |
_aDigital design of signal processing systems : a practical approach _ba practical approach _cShoab Khan. |
| 260 |
_aChichester, West Sussex, U.K. ; _aHoboken, N.J. : _bWiley, _c2010. |
||
| 300 |
_axx, 586 p. : _bill. ; _c26 cm. |
||
| 650 | 0 |
_aSignal processing _xDigital techniques. |
|
| 942 |
_cBK _k621.3822 AHM _2ddc |
||
| 999 |
_c10547 _d10547 |
||